00621nam a2200181 i 4500001000400000100002900004245010400033260004600137300002700183650002500210700002000235040000800255041001300263044000800276080001600284008004100300856009800341bgj1 aSOLSCHENIZYN, Alexander.10aDer Archipel Gulag /cAlexander Solschenizyn ; [Übersetzung aus dem Russichen von Anna Peturnig]. aBern ;aMünchen :bScherz,ccop. 1974.  a606, [1] s. ;c21 cm.9 aPowieść rosyjska1 aPETURNIG, Anna. cBPK0 agerhrus aDEU a821.161.1-3 s gw f |000 0 ger  uhttp://koha.tu.koszalin.pl/cgi-bin/koha/opac-detail.pl?biblionumber=50015yKatalog online BPK